000
00268nam a22001217a 4500
008
170621b xxu||||| |||| 00| 0 eng d
041
_a
eng
080
_2
6 ED
_a
94(4)
100
_a
18
101
_a
SHH
245
_a
MODERN GERMANY 1871
_c
ORLOW.D
942
_2
udc
_c
BK
999
_c
18373
_d
18373